00321pab a2200133 454500008004000000100002100040245003100061260000900092300001300101362000800114650002000122700001700142773002800159180718b2006 xxu||||| |||| 00| 0 eng d aBazerman, Max H. aDecisions without blinders c2006 ap.88-97. aJan aDecision making aChugh, Dolly aHarvard Business Review